[Event "San Sebastian op 34th"]
[Site "San Sebastian"]
[Date "2011.04.21"]
[Round "6"]
[White "Aranaz Portugues, Jose Carlos"]
[Black "Newrkla, Alexander"]
[Result "1-0"]
[WhiteElo "2130"]
[BlackElo "1962"]
[PlyCount "75"]
[EventDate "2011.04.16"]
[EventType "swiss"]
[EventRounds "9"]
[EventCountry "ESP"]
[SourceTitle "CBM 141 Extra"]
[Source "ChessBase"]
[SourceDate "2011.05.03"]
[SourceVersion "1"]
[SourceVersionDate "2011.05.03"]
[SourceQuality "1"]

1. d4 Nc6 2. c4 e5 3. d5 Nce7 4. e4 Nf6 5. Nc3 Ng6 6. Be3 Bb4 7. Bd3 0-0 8. Nge2 Ng4 9. Qd2 Nxe3 10. Qxe3 d6 11. h4 f5 12. h5 f4 13. Qd2 Nh4 14. 0-0-0 f3 15. gxf3 Nxf3 16. Qc2 Bc5 17. Kb1 Bd7 18. Ng3 Qf6 19. Nf5 Nd4 20. Qc1 Nxf5 21. exf5 Bxf5 22. Ne4 Bxe4 23. Bxe4 Qxf2 24. Rd2 Qf4 25. Qc2 h6 26. a3 Rf6 27. Rg2 Raf8 28. Ka2 Bd4 29. Rh3 Qf1 30. Rhg3 R8f7 31. Bg6 Re7 32. Bd3 Qe1 33. Bf5 e4 34. Be6+ Kh8 35. Rg4 Rf2 36. Rxf2 Qxf2 37. Qxf2 Bxf2 38. Rf4 1-0

[Event "St Veit op-A 28th"]
[Site "St Veit"]
[Date "2009.07.13"]
[Round "3"]
[White "Praxmarer, Christian"]
[Black "Newrkla, Alexander"]
[Result "1-0"]
[WhiteElo "2073"]
[BlackElo "1983"]
[PlyCount "75"]
[EventDate "2009.07.11"]
[EventType "swiss"]
[EventRounds "9"]
[EventCountry "AUT"]
[SourceTitle "CBM 131 Extra"]
[Source "ChessBase"]
[SourceDate "2009.09.03"]
[SourceVersion "2"]
[SourceVersionDate "2009.09.16"]
[SourceQuality "1"]

1. Nf3 Nf6 2. d4 g6 3. c3 Bg7 4. Nbd2 d6 5. e4 0-0 6. Bd3 e5 7. 0-0 Nbd7 8. d5 Ne8 9. Nb3 b6 10. Qc2 a5 11. a4 Nc5 12. Nxc5 dxc5 13. b4 axb4 14. cxb4 cxb4 15. Bd2 Nd6 16. Bxb4 f5 17. Nd2 Rf7 18. a5 fxe4 19. Nxe4 Bf5 20. f3 Bxe4 21. fxe4 Rxf1+ 22. Bxf1 Bh6 23. a6 Be3+ 24. Kh1 Qh4 25. Bxd6 cxd6 26. g3 Qd8 27. Bb5 Bc5 28. Rf1 Qe7 29. Qe2 Kg7 30. Qf3 Ra7 31. Qg4 Ra8 32. Qe6 Ra7 33. Qc8 Rc7 34. Qg4 Bd4 35. Qe6 Bc5 36. h4 Kh8 37. Kg2 Qg7 38. Qe8+ 1-0

[Event "AUT-ch qual"]
[Site "Leoben"]
[Date "2008.07.22"]
[Round "4.11"]
[White "Newrkla, Alexander"]
[Black "Juenger, Heinz"]
[Result "1/2-1/2"]
[WhiteElo "2055"]
[BlackElo "2056"]
[PlyCount "34"]
[EventDate "2008.07.19"]
[EventType "swiss"]
[EventRounds "9"]
[EventCountry "AUT"]
[SourceTitle "EXT 2024"]
[Source "ChessBase"]
[SourceDate "2023.10.10"]
[SourceVersion "1"]
[SourceVersionDate "2023.10.10"]
[SourceQuality "1"]

1. e4 c5 2. Nf3 e6 3. d4 cxd4 4. Nxd4 a6 5. Nc3 Qc7 6. Bd3 Nf6 7. 0-0 d6 8. a4 Nc6 9. Nxc6 bxc6 10. f4 Be7 11. Be3 a5 12. Qe2 e5 13. f5 g6 14. fxg6 hxg6 15. Qf2 Be6 16. Be2 Qd7 17. Rad1 Qc8 1/2-1/2

[Event "AUT-ch qual"]
[Site "Leoben"]
[Date "2008.07.20"]
[Round "2.14"]
[White "Newrkla, Alexander"]
[Black "Exler, Martin"]
[Result "1-0"]
[WhiteElo "2055"]
[BlackElo "1579"]
[PlyCount "81"]
[EventDate "2008.07.19"]
[EventType "swiss"]
[EventRounds "9"]
[EventCountry "AUT"]
[SourceTitle "EXT 2024"]
[Source "ChessBase"]
[SourceDate "2023.10.10"]
[SourceVersion "1"]
[SourceVersionDate "2023.10.10"]
[SourceQuality "1"]

1. c4 e5 2. Nc3 f5 3. d3 Nc6 4. g3 Nf6 5. Bg2 b6 6. Nf3 Rb8 7. 0-0 Be7 8. a3 a5 9. Nd5 0-0 10. Bd2 Bb7 11. b4 axb4 12. axb4 Nxd5 13. cxd5 Nxb4 14. d6 Bxd6 15. Bxb4 Bxb4 16. Qb3+ Kh8 17. Qxb4 d6 18. Nd2 Bxg2 19. Kxg2 f4 20. Rac1 Qd7 21. Qc4 c5 22. Qd5 b5 23. Rxc5 b4 24. Rcc1 Rb5 25. Qc6 Qb7 26. Qxb7 Rxb7 27. Rb1 h6 28. Rb3 g5 29. Nc4 d5 30. Nxe5 Re8 31. d4 Kg7 32. Rfb1 Reb8 33. Nd3 Re7 34. Kf1 Rbe8 35. Ne5 fxg3 36. hxg3 Rb7 37. Rxb4 Rxb4 38. Rxb4 Ra8 39. e3 h5 40. Rb6 g4 41. Kg2 1-0

[Event "AUT-ch qual"]
[Site "Austria"]
[Date "2007.??.??"]
[Round "5"]
[White "Wiedermann, Daniel"]
[Black "Newrkla, Alexander"]
[Result "1/2-1/2"]
[WhiteElo "2120"]
[BlackElo "2061"]
[PlyCount "45"]
[EventDate "2007.??.??"]
[EventType "swiss"]
[EventRounds "9"]
[EventCountry "AUT"]
[SourceTitle "EXT 2008"]
[Source "ChessBase"]
[SourceDate "2007.11.25"]
[SourceVersion "1"]
[SourceVersionDate "2007.11.25"]
[SourceQuality "1"]

1. d4 Nf6 2. c4 e6 3. Nc3 d5 4. Nf3 Be7 5. Bf4 0-0 6. e3 c5 7. dxc5 Bxc5 8. Qc2 Qa5 9. Nd2 Bb4 10. Nb3 Bxc3+ 11. bxc3 Qd8 12. Rd1 Nbd7 13. cxd5 Nxd5 14. Bd6 Re8 15. c4 Qb6 16. cxd5 Qxd6 17. dxe6 Qxe6 18. Bb5 Rf8 19. 0-0 Nf6 20. Rd2 Qe5 21. Qc5 Qxc5 22. Nxc5 b6 23. Na6 1/2-1/2

[Event "Vienna op-A 15th"]
[Site "Vienna"]
[Date "2006.08.06"]
[Round "9"]
[White "Newrkla, Alexander"]
[Black "Klein, Gernot"]
[Result "0-1"]
[WhiteElo "2082"]
[BlackElo "1994"]
[PlyCount "76"]
[EventDate "2006.07.29"]
[EventType "swiss"]
[EventRounds "9"]
[EventCountry "AUT"]
[SourceTitle "CBM 113 Extra"]
[Source "ChessBase"]
[SourceDate "2006.09.14"]
[SourceVersion "1"]
[SourceVersionDate "2006.09.14"]
[SourceQuality "1"]

1. e4 c5 2. Nf3 e6 3. d4 cxd4 4. Nxd4 a6 5. Nc3 Qc7 6. Be3 b5 7. Nb3 Bb7 8. Be2 b4 9. Na4 Bxe4 10. Rc1 Bxg2 11. Bf3 Bxh1 12. Bxh1 Nc6 13. Qh5 Nf6 14. Qh3 Qe5 15. Nb6 Rb8 16. Nc4 Qb5 17. Qg3 Qxc4 18. Bxc6 Rc8 19. Bb7 Ne4 20. Qe5 d5 21. Bxc8 Qxc8 22. f3 Nd6 23. c3 Nc4 24. cxb4 Nxe5 25. Rxc8+ Kd7 26. Rxf8 Rxf8 27. Nc5+ Kc6 28. a4 d4 29. Bf4 Nc4 30. Nxa6 Nxb2 31. Nc5 f6 32. Kd2 e5 33. Bg3 Rb8 34. Na6 Ra8 35. f4 Nxa4 36. b5+ Kd6 37. fxe5+ fxe5 38. Kd3 Rc8 0-1

[Event "Vienna-ch"]
[Site "Vienna"]
[Date "2005.10.28"]
[Round "7"]
[White "Granabetter, Josef"]
[Black "Newrkla, Alexander"]
[Result "1-0"]
[WhiteElo "1996"]
[BlackElo "2085"]
[PlyCount "51"]
[EventDate "2005.10.22"]
[EventType "swiss"]
[EventRounds "9"]
[EventCountry "AUT"]
[SourceTitle "EXT 2007"]
[Source "ChessBase"]
[SourceDate "2006.11.23"]
[SourceVersion "1"]
[SourceVersionDate "2006.11.23"]
[SourceQuality "1"]

1. e4 c5 2. Nf3 d6 3. d4 cxd4 4. Nxd4 Nf6 5. Nc3 g6 6. Be3 Bg7 7. f3 0-0 8. Bc4 Nc6 9. Qd2 Nd7 10. h4 Nb6 11. Bb3 Na5 12. Qe2 Nxb3 13. axb3 Bd7 14. h5 g5 15. h6 Bf6 16. 0-0-0 a5 17. Rh5 Kh8 18. Bxg5 Bxg5+ 19. Rxg5 e5 20. Qd2 f6 21. Rg7 exd4 22. Qxd4 a4 23. Qxd6 axb3 24. cxb3 Be6 25. Qg3 Ra1+ 26. Kc2 1-0

[Event "Vienna-ch"]
[Site "Vienna"]
[Date "2005.10.26"]
[Round "5"]
[White "Newrkla, Alexander"]
[Black "Prager, Manfred1"]
[Result "1-0"]
[WhiteElo "2085"]
[BlackElo "2045"]
[PlyCount "65"]
[EventDate "2005.10.22"]
[EventType "swiss"]
[EventRounds "9"]
[EventCountry "AUT"]
[SourceTitle "EXT 2007"]
[Source "ChessBase"]
[SourceDate "2006.11.23"]
[SourceVersion "1"]
[SourceVersionDate "2006.11.23"]
[SourceQuality "1"]

1. e4 c5 2. Nf3 d6 3. d4 cxd4 4. Nxd4 Nf6 5. Nc3 a6 6. f3 e5 7. Nb3 Be7 8. Be3 Be6 9. Be2 d5 10. exd5 Nxd5 11. Nxd5 Qxd5 12. 0-0 0-0 13. Qe1 Qc6 14. c3 Nd7 15. Qf2 f5 16. f4 Bxb3 17. axb3 e4 18. Ra5 Bd8 19. Rd5 Be7 20. Rfd1 Rad8 21. Bc4 Kh8 22. Qd2 Nf6 23. Rxd8 Rxd8 24. Qxd8+ Bxd8 25. Rxd8+ Ne8 26. Bf7 h6 27. Rxe8+ Kh7 28. Bd4 Qd7 29. Bh5 Qd6 30. g3 a5 31. Ra8 e3 32. Rxa5 g5 33. Ra8 1-0

[Event "Vienna-ch"]
[Site "Vienna"]
[Date "2004.10.30"]
[Round "6"]
[White "Grabner, Johann"]
[Black "Newrkla, Alexander"]
[Result "0-1"]
[WhiteElo "2027"]
[BlackElo "2075"]
[PlyCount "66"]
[EventDate "2004.??.??"]
[EventType "swiss"]
[EventRounds "7"]
[EventCountry "AUT"]
[SourceTitle "EXT 2005"]
[Source "ChessBase"]
[SourceDate "2004.11.15"]
[SourceVersion "1"]
[SourceVersionDate "2004.11.15"]
[SourceQuality "1"]

1. e4 Nc6 2. d4 e5 3. dxe5 Nxe5 4. Nc3 Bb4 5. Bd2 Nf6 6. f4 Ng6 7. Bd3 d6 8. Nf3 c6 9. 0-0 Bc5+ 10. Kh1 Ng4 11. Qe2 0-0 12. h3 Nf6 13. Nh2 Re8 14. Qf3 Nh4 15. Qd1 Ng6 16. f5 Ne5 17. Bg5 h6 18. Bh4 Nxe4 19. Nxe4 Qxh4 20. Nxc5 dxc5 21. Nf3 Nxf3 22. Qxf3 Qf6 23. c3 Bd7 24. Rae1 Re5 25. Rxe5 Qxe5 26. Rd1 Re8 27. f6 Be6 28. fxg7 Bd5 29. Qf2 Qxg7 30. Bb1 c4 31. Rf1 Re3 32. Kh2 Qe5+ 33. Kh1 Rxh3+ 0-1

[Event "Vienna-ch"]
[Site "Vienna"]
[Date "2004.10.26"]
[Round "3"]
[White "Newrkla, Alexander"]
[Black "Pachta, Paul"]
[Result "0-1"]
[WhiteElo "2075"]
[BlackElo "2159"]
[PlyCount "88"]
[EventDate "2004.??.??"]
[EventType "swiss"]
[EventRounds "7"]
[EventCountry "AUT"]
[SourceTitle "EXT 2005"]
[Source "ChessBase"]
[SourceDate "2004.11.15"]
[SourceVersion "1"]
[SourceVersionDate "2004.11.15"]
[SourceQuality "1"]

1. e4 c5 2. Nf3 d6 3. d4 cxd4 4. Nxd4 Nf6 5. Nc3 g6 6. Be3 Bg7 7. f3 0-0 8. Qd2 Nc6 9. 0-0-0 d5 10. exd5 Nxd5 11. Nxd5 Qxd5 12. Nb3 Qe5 13. c3 Rd8 14. Nd4 Bf5 15. Bd3 Bxd3 16. Qxd3 Qa5 17. Nxc6 bxc6 18. Qc4 Rab8 19. Rxd8+ Rxd8 20. Rd1 Rb8 21. Rd7 Bf6 22. Rxa7 Qe5 23. Qf4 Qb5 24. b3 Rd8 25. Qc4 Qe5 26. Bd4 Qg5+ 27. Kb2 Qxg2+ 28. Ka3 Qxf3 29. Qc5 Rd6 30. Be5 Re6 31. Bxf6 Qxf6 32. Ra8+ Kg7 33. Qd4 Qxd4 34. cxd4 f5 35. Ra4 Kf7 36. Rc4 Rd6 37. Kb4 Ke6 38. h4 h6 39. Kc3 Kd7 40. a4 Kc7 41. b4 Kb6 42. a5+ Kb7 43. Kd3 e5 44. Rc1 Rxd4+ 0-1